Pla d'emergència davant del foc : instruccions per als usuaris de l'edifici de l'Institut del Teatre instruccions per als usuaris de l'edifici de l'Institut del Teatre
Publicado:
Barcelona :
Diputació de Barcelona, Xarxa de Municipis, Àrea de Règim Interior, Hisenda i Planificació, DL 2003
Descripción Física:
[4] p. : il. ; 21 cm
MARC
| LEADER | 00000nam a2200000Ia 4500 | ||
|---|---|---|---|
| 001 | 15392 | ||
| 008 | 160829s9999 xx 000 0 cat d | ||
| 080 | |a FU-33-80 | ||
| 245 | |a Pla d'emergència davant del foc : |b instruccions per als usuaris de l'edifici de l'Institut del Teatre | ||
| 260 | |a Barcelona : |b Diputació de Barcelona, Xarxa de Municipis, Àrea de Règim Interior, Hisenda i Planificació, DL 2003 | ||
| 300 | |a [4] p. : |b il. ; |c 21 cm | ||
| 590 | |a A la contraportada: Servei de Logística, Secció de Seguretat | ||
| 610 | 1 | 0 | |a Institut del Teatre (Barcelona, Catalunya) |9 52662 |
| 650 | 0 | |a Incendis |x Prevenció |9 49592 | |
| 650 | |a Edificis públics |x Incendis i prevenció d'incendis |9 36243 | ||
| 710 | |a Barcelona (Catalunya : Província). |b Àrea de Règim Interior, Hisenda i Planificació |9 53667 | ||
| 901 | |a Arxiu | ||
| 942 | |n 1 | ||
| 952 | |0 0 |1 0 |4 0 |6 FU3380 |7 1 |9 48756 |a Arxiu |b Arxiu |d 2016-12-01 |l 0 |o FU-33-80 |p 15392 |r 2016-12-01 00:00:00 |w 2016-12-01 |y ARXIU | ||
| 999 | |c 52587 |d 52587 | ||